000 00389nam a2200133Ia 4500
008 151001s9999||||xx |||||||||||||| ||und||
100 _aवि वि गोखले
245 _aआपले डॉक्टर आपणच होऊया
250 _a1
260 _bअंजली प्रकाशन पुणे
260 _c1988
300 _a208
365 _b18
999 _c968318
_d968315